Los dioses en los codices mexicanos del grupo bordia : (Record no. 28531)

MARC details
000 -LEADER
campo de control de longitud fija 00650nam a22002177a 4500
001 - NÚMERO DE CONTROL
campo de control 00028502
005 - FECHA Y HORA DE LA ÚLTIMA TRANSACCIÓN
campo de control 20260309110924.0
008 - DATOS DE LONGITUD FIJA--INFORMACIÓN GENERAL
campo de control de longitud fija 260309b ag ||||| |||| 00| 0 spa d
020 ## - NÚMERO INTERNACIONAL ESTÁNDAR DEL LIBRO
Número Internacional Estándar del Libro 9681610296
040 ## - FUENTE DE CATALOGACIÓN
Centro catalogador/agencia de origen AR-CcCEOS
Lengua de catalogación Español; Castellano
Centro/agencia transcriptor AR-CcCEOS
041 ## - CÓDIGO DE IDIOMA
Código de lengua del texto/banda sonora o título independiente Español; Castellano
080 ## - NÚMERO DE LA CLASIFICACIÓN DECIMAL UNIVERSAL
Número de la Clasificación Decimal Universal 299.7(72)
090 ## - LOCALMENTE ASIGNADO TIPO-LC NÚMERO DE CLASIFICACIÓN (OCLC); NÚMERO DE CLASIFICACIÓN LOCAL (RLIN)
Número cutter local (OCLC) ; Número de libro/Signatura topográfica íntegra, CALL (RLIN) SPR
100 1# - ENTRADA PRINCIPAL--NOMBRE DE PERSONA
Nombre de persona Spranz, Bodo
9 (RLIN) 819
245 ## - MENCIÓN DEL TÍTULO
Título Los dioses en los codices mexicanos del grupo bordia :
Resto del título una investigación iconografica /
Mención de responsabilidad, etc. Bodo Spranz
250 ## - MENCION DE EDICION
Mención de edición 1a ed.
260 ## - PUBLICACIÓN, DISTRIBUCIÓN, ETC.
Lugar de publicación, distribución, etc. España :
Nombre del editor, distribuidor, etc. Fondo de cultura economica,
Fecha de publicación, distribución, etc. c1973.
300 ## - DESCRIPCIÓN FÍSICA
Extensión 517 p. ;
Dimensiones 24x15 cm.
655 #0 - TERMINO DE INDIZACIÓN--GENERO/FORMA
Datos o término principal de género/forma literatura
9 (RLIN) 19
Designación de faceta/jerarquía codices
Subdivisión de forma mexicanos
942 ## - ELEMENTOS DE ENTRADA SECUNDARIOS (KOHA)
Fuente de la clasificación o esquema de estantería Clasificación decimal universal
Tipo de ítem Koha Libros
Suprimir en OPAC No
Holdings
Estatus retirado Estado de pérdida Fuente de la clasificación o esquema de estantería Estado de daño No para préstamo Biblioteca de origen Biblioteca actual Fecha de adquisición Número de inventario Total de préstamos Signatura topográfica completa Información codificada de la localización en otra ubicación Colección Código de barras Visto por última vez Precio de reemplazo Tipo de ítem Koha
    Clasificación decimal universal     Biblioteca Julio Serebrinsky Biblioteca Julio Serebrinsky 09/03/2026 46052   299.7(72) SPR SER 46052 09/03/2026 09/03/2026 Libros